Statistiques concernant Paroles - En rouge et noir - Jeanne Mas

Cliquez ici pour prendre le quiz!

Statistiques générales

  • Ce quiz a été pris 71 fois
  • Le résultat moyen est 242 sur 338

Statistiques - réponses

Paroles% Correct
de
100%
En
98%
en
98%
et
98%
Et
98%
noir
98%
noir,
98%
peau
98%
peu
98%
rouge
98%
ma
97%
mon
97%
peur
97%
douleur
95%
je
95%
Je
95%
que
95%
ces
93%
montagnes
93%
plus
90%
haut
88%
me
88%
le
87%
à
83%
J'irai
83%
les
83%
mes
83%
Mes
83%
se
83%
la
78%
su
77%
j'ai
72%
J'ai
72%
faiblesses
70%
qu'elles
70%
au
68%
j'exilerai
68%
J'exilerai
68%
si
68%
Si
68%
Tout
67%
s'arrêtent
65%
un
65%
coeur
63%
voudrais
63%
eu
62%
qui
62%
Qui
62%
tellement
62%
douceur
60%
pas
60%
sur
60%
Toutes
60%
j'aurais
58%
J'aurais
58%
l'on
58%
m'avait
58%
connais,
57%
d'un
57%
luttes
57%
moins
57%
serais
57%
tendresse
57%
conseillée
55%
couleur
55%
jolie
55%
des
53%
fois
52%
lèvres
52%
mis
52%
ne
52%
d'erreurs
50%
n'ai
50%
par
50%
suis
50%
commis
48%
devenue
48%
joues
48%
Trop
48%
trop
48%
dans
47%
l'abri
47%
tant
47%
chaque
45%
chaud
43%
échange
43%
rassurer
43%
vous
43%
colères
42%
innocence
42%
vent
40%
veux
40%
autre
38%
blottie
38%
chose
38%
d'une
38%
renie
38%
soigné
38%
calmer
37%
longtemps
37%
réclame
37%
trêve
37%
yeux
37%
d'air
35%
différent
35%
d'indifférence
35%
poussière
35%
aucun
33%
châteaux
33%
fier
33%
manquais
33%
réduisaient
33%
respiré
33%
sable
33%
serait
33%
visage
33%
blessée
32%
construit
32%
froids
32%
j'afficherai
32%
jouer,
32%
n'avaient
32%
nuit
32%
prononcé
32%
veulent
32%
maquillent
30%
présent
30%
seule
30%
mieux
28%
noms
28%
pardonner
28%
premier
28%
deuxième
27%
grandes
27%
perdue
27%
d'hivers
25%
forêts
25%
jouerai
25%
raté
25%
rôle,
25%
drapeau
23%
s'achève
23%
couru
22%
souvent
22%
mensonges
20%
tuaient
15%
Somnambule
13%

Distribution des résultats

Percentile par nombre de réponses

% des personnes avec chaque résultat

Votre développement - résultats

Vous n’avez pas pris ce quiz